Score 0/10 Timer 05:00
0 Plays Today
Question Answer % Correct
During what war was Joseph Heller's work Catch 22 set?World War II
78.3%
After Los Angeles, what is the second largest US city according to city population that lies west of the Mississippi River? Houston, TX
71%
What McDonald's sandwich was created in 1981 due to the shortage of chickens and the inability of McDonald's to supply Chicken McNuggets nationwide?McRib
63.8%
What is the only film directed by a woman to have won best picture?The Hurt Locker
62.3%
Who is the creator of the Garfield comic strip?Jim Davis
52.2%
Jan Levenson, Holly Flax and Helene Beesly were all girlfriends of what TV character?Michael Scott
49.3%
Which former child star was appointed US ambassador to Czechoslovakia in 1989?Shirley Temple Black
47.8%
What artist is currently on the Billboard charts with his 12th Top 10 single titled “Berzerk”?Eminem
37%
Only one time in history has a Summer Olympics host country not won a single gold medal in the year it hosted. Which country was it?Canada
34.8%
What chemical element is most commonly added to rubber to vulcanize it?Sulfur
26.1%
Remove Ads.
Support Sporcle.
Get the best of Sporcle when you Go Orange. This ad-free experience offers more features, more stats, and more fun while also helping to support Sporcle. Thank you for becoming a member.

You're not logged in!

Compare scores with friends on all Sporcle quizzes.
OR
Log In

Show Comments

Extras

Top Quizzes Today


Score Distribution

Your Account Isn't Verified!

In order to create a playlist on Sporcle, you need to verify the email address you used during registration. Go to your Sporcle Settings to finish the process.

Report this User

Report this user for behavior that violates our Community Guidelines.

Details: